2026 Supercross and Motocross Rider Numbers 1-99 - Statistics

General Stats
  • This quiz has been taken 91 times
  • The average score is 28 of 102
Answer Stats
Hint Answer % Correct
3 Eli Tomac
86%
1 (250MX) | 1W (250SXW) | 38 Haiden Deegan
86%
1 (450MX) | 18 Jett Lawrence
86%
4 Chase Sexton
83%
96 Hunter Lawrence
81%
1 (450SX) | 2 Cooper Webb
78%
94 Ken Roczen
75%
7 Aaron Plessinger
68%
32 Justin Cooper
65%
16 | 1E (250SXE) Tom Vialle
63%
27 Malcolm Stewart
59%
51 Justin Barcia
57%
26 Jorge Prado
54%
47 Levi Kitchen
54%
Answer? >>>>> Cameron Mcadoo
52%
30 Jo Shimoda
52%
14 Dylan Ferrandis
51%
37 Cole Davies
49%
21 Jason Anderson
48%
61 Max Anstie
46%
10 Seth Hammaker
41%
33 Austin Forkner
37%
29 Chance Hymas
35%
28 Christian Craig
33%
17 Joey Savatgy
33%
13 Julien Beaumer
33%
6 Jeremy Martin
32%
15 Dean Wilson
30%
20 Jordon Smith
30%
25 Nate Thrasher
30%
12 Shane McElrath
30%
45 Colt Nichols
27%
36 Garrett Marchbanks
27%
46 Justin Hill
27%
19 Max Vohland
27%
9 Adam Cianciarulo
25%
34 Ryder DiFrancesco
24%
23 Michael Mosiman
22%
22 Coty Schock
21%
58 Daxton Bennick
21%
35 Drew Adams
21%
52 Mitchell Oldenburg
21%
60 Hunter Yoder
17%
11 Kyle Chisolm
17%
54 Benny Bloss
16%
63 Fredrik Noren
16%
56 Jalek Swoll
16%
78 Kevin Moranz
16%
41 Mitchell Harrison
16%
44 Ty Masterpool
14%
82 Caden Dudney
13%
49 Cullin Park
13%
42 Dilan Schwartz
13%
62 Grant Harlan
13%
43 Lux Turner
13%
40 Parker Ross
13%
39 Valentin Guillod
13%
73 Gavin Towers
11%
93 Antonio Cairoli
10%
57 Avery Long
10%
71 Carson Mumford
10%
67 Hardy Munoz
10%
48 Harri Kullas
10%
53 Henry Miller
10%
87 Jeremy Hand
10%
31 Mikkel Haarup
10%
70 Anthony Bourdon
8%
59 Casey Cochran
8%
68 Enzo Lopes
8%
90 John Short
8%
50 Lorenzo Locurcio
8%
65 Marshal Weltin
8%
64 Romain Pape
8%
97 Brad West
6%
66 Cole Thompson
6%
98 Derek Drake
6%
74 Gage Linville
6%
86 Jett Reynolds
6%
76 Kyle Webster
6%
55 Benoit Paturel
5%
77 Derek Kelley
5%
91 Izaih Clark
5%
69 Jack Chambers
5%
81 Jerry Robin
5%
83 Justin Rodbell
5%
99 Kayden Minear
5%
75 Lance Kobusch
5%
95 Luke Neese
5%
84 Tj Albright
5%
85 Alexander Fedortsov
3%
80 Bryce Shelly
3%
89 Devin Simonson
3%
79 Dylan Walsh
3%
92 Enzo Temmerman
3%
88 Mark Fineis
3%
24 R.J. Hapmshire
2%
72 Trevor Colip
2%
No matching quizzes found
Score Distribution
Percent of People with Each Score
Percentile by Number Answered
Your Score History
You have not taken this quiz